000 01423naa a22003257a 4500
001 BR8708351
003 BR-BrBNA
005 20250721154542.0
007 ta
008 250630b bl.|||m| |||| 00| 0 por d
040 _aBR-BrBNA
_bpor
_cBiblioteca Nacional de Agricultura
041 _a(Pt)
072 _aF01
_b0120
_b1410
090 _aF01 BR8708351
100 1 _aOliveira, L.A.A. de
100 1 _aGalvao, J.D.
111 1 _a15. Congresso Nacional de Pesquisa de Milho e Sorgo
_cMaceio, AL (Brazil)
_d2 Jul 1986
245 1 _aEspacamento entre plantas de milho em sistemas consorciados com feijao (Phaseolus vulgaris)
246 1 _aSpacing of maize plants in intercropping systems with beans (Phaseolus vulgaris L.)
246 1 _a[Annals of the 15th Maize and Sorghum National Congress]
500 _aAnais do 15. Congresso Nacional de Milho e Sorgo Brasilia, DF (Brasil): Empresa Brasileira de Pesquisa Agropecuaria. Departamento de Difusao de Tecnologia, 1986. p. 285-288 [12 ref.; Summaries (En, Pt)] (BR8708351-AMS)
773 0 _tAnais do 15. Congresso Nacional de Milho e Sorgo
_wF01 BR8708351
_gBrasilia, DF (Brasil), 1986. p. 285-288
650 _aMILHO
650 _aFEIJAO
650 _aCONSORCIACAO DE CULTURA
650 _aESPACAMENTO
490 _aDocumentos - Centro Nacional de Pesquisa de Milho e Sorgo (Brazil)
_vno. 5
942 _cAMS
_2AGRIS
909 _a202506
_bLúcia
_c55
_dLúcia Elande
999 _c335593
_d335593